Право социального обеспечения: Схемы и комментарии

Dettagli Bibliografici
Autore principale: Голенко Е. Н. Евгений Николаевич
Altri autori: Ковалев В. И. Вячеслав Игоревич
Riassunto:Исключено из фонда НТБ ТПУ
Lingua:russo
Pubblicazione: Москва, Юриспруденция, 1999
Natura: MixedMaterials Libro
KOHA link:https://koha.lib.tpu.ru/cgi-bin/koha/opac-detail.pl?biblionumber=29519

MARC

LEADER 00000nam0a2200000 4500
001 29519
005 20231030203508.0
010 |a 5840100021 
035 |a (RuTPU)RU\TPU\book\29784 
035 |a BOOK00029859 
090 |a 29519 
100 |a 20011209d1999 km y0rusy50 ca 
101 0 |a rus 
102 |a RU 
105 |a y j 000zy 
200 1 |a Право социального обеспечения  |e Схемы и комментарии  |f Е. Н. Голенко, В. И. Ковалев 
210 |a Москва  |c Юриспруденция  |d 1999 
215 |a 192 с. 
333 |a Исключено из фонда НТБ ТПУ 
686 |a Х627.6я73  |v LBC/SL-A  |2 rubbk 
700 1 |a Голенко  |b Е. Н.  |g Евгений Николаевич 
701 1 |a Ковалев  |b В. И.  |g Вячеслав Игоревич 
801 0 |a RU  |b 63413507  |c 20011209  |g PSBO 
801 2 |a RU  |b 63413507  |c 20210617  |g PSBO 
942 |c BK